Statistics for Acclaimed Music - Top Canadian Artists

Click here to take the quiz!

General Stats

  • This quiz has been taken 14 times
  • The average score is 30 of 142

Answer Stats

RankArtist% Correct
66Céline Dion
92%
28Bryan Adams
83%
6Drake
83%
32Justin Bieber
75%
1Neil Young
75%
9Alanis Morissette
67%
36Gordon Lightfoot
67%
73Avril Lavigne
58%
30Bachman-Turner Overdrive
58%
3Joni Mitchell
58%
2Arcade Fire
50%
100Nickelback
50%
11Rush
50%
31Shania Twain
50%
5The Band
50%
41The Guess Who
50%
12The Weeknd
50%
76Anne Murray
42%
82Corey Hart
42%
87Crash Test Dummies
42%
78Len
42%
4Leonard Cohen
42%
51Paul Anka
42%
42The Tragically Hip
42%
69Tom Cochrane
42%
71Alannah Myles
33%
93Barenaked Ladies
33%
17Broken Social Scene
33%
40Buffy Sainte-Marie
33%
10Carly Rae Jepsen
33%
14Feist
33%
20k.d. Lang
33%
91Metric
33%
37Nelly Furtado
33%
23Sarah McLachlan
33%
134Tal Bachman
33%
54Terry Jacks
33%
67Alessia Cara
25%
55Hank Snow
25%
81Ian and Sylvia
25%
84Loverboy
25%
57Robbie Robertson
25%
18Rufus Wainwright
25%
97Snow
25%
117Sum 41
25%
24Alvvays
17%
110Andy Kim
17%
49Blue Rodeo
17%
77Bruce Cockburn
17%
34Cowboy Junkies
17%
19Destroyer
17%
80Eric's Trip
17%
105Glass Tiger
17%
95k-os
17%
125Martha Wainwright
17%
74Men Without Hats
17%
39Oscar Peterson
17%
119Sam Roberts
17%
88Sarah Harmer
17%
25Sloan
17%
108Stompin' Tom Connors
17%
136Teenage Head
17%
16The New Pornographers
17%
89Thrush Hermit
17%
63Akufen
8%
35Alexander Skip Spence
8%
106Austra
8%
131Beau Dommage
8%
47Bran Van 3000
8%
8Caribou/Manitoba
8%
140Chromeo
8%
142Constantines
8%
21Crystal Castles
8%
139Daniel Caesar
8%
58Daniel Lanois
8%
141Daniel Lavoie
8%
85Death from Above 1979
8%
104Demics
8%
111Doughboys
8%
83Dream Warriors
8%
135Edward Bear
8%
98Félix Leclerc
8%
96Five Man Electrical Band
8%
33Fucked Up
8%
27Gil Evans
8%
13Godspeed You! Black Emperor
8%
92Gonzales
8%
7Grimes
8%
127Harry MacDonough & Alice Green
8%
60Hot Hot Heat
8%
112Jacques Greene
8%
130Jann Arden
8%
15Japandroids
8%
72Jessy Lanza
8%
22Junior Boys
8%
38Kate and Anna McGarrigle
8%
138Kiesza
8%
118Loreena McKennitt
8%
29Mac DeMarco
8%
86Maestro Fresh Wes
8%
90Majical Cloudz
8%
79Marie Davidson
8%
53Martha and The Muffins
8%
45Mary Margaret O'Hara
8%
115MC Shan
8%
113Mocky
8%
99Nick Gilder
8%
62Ought
8%
126Owen Pallett
8%
102Payola$
8%
59Peaches
8%
68Percy Faith
8%
48Plastikman
8%
43Preoccupations/Viet Cong
8%
44Purity Ring
8%
101Rascalz
8%
133Rheostatics
8%
94Robert Charlebois
8%
103Rough Trade
8%
109Stampeders
8%
56Stars
8%
52Tegan and Sara
8%
107The Dears
8%
124The DeFranco Family
8%
46The Diamonds
8%
121The Grapes of Wrath
8%
122The Hidden Cameras
8%
137The Mole
8%
75The Pursuit of Happiness
8%
132The Russian Futurists
8%
120The Ugly Ducklings
8%
65The Unicorns
8%
128The Weakerthans
8%
129Tiga
8%
116Timber Timbre
8%
50Tim Hecker
8%
61TNGHT
8%
70Tobias Jesso Jr.
8%
123Tricky Woo
8%
64Walter Huston
8%
26Wolf Parade
8%
114Young Galaxy
8%

Score Distribution

Percentile by Number Answered

Percent of People with Each Score

Your Score History

You have not taken this quiz